[Event "London Golders Green op 3rd"]
[Site "London"]
[Date "2014.05.04"]
[Round "3"]
[White "Steiner, Matthias"]
[Black "Hernandez Castro, Julio Cesar"]
[Result "1/2-1/2"]
[WhiteElo "2078"]
[BlackElo "1821"]
[PlyCount "39"]
[EventDate "2014.05.03"]
[EventType "swiss"]
[EventRounds "6"]
[EventCountry "ENG"]
[SourceTitle "EXT 2018"]
[Source "ChessBase"]
[SourceDate "2017.10.13"]
[SourceVersion "1"]
[SourceVersionDate "2017.10.13"]
[SourceQuality "1"]

1. d4 g6 2. c4 Bg7 3. Nc3 d6 4. e4 Nd7 5. Nf3 e5 6. Be2 Ngf6 7. 0-0 exd4 8. Nxd4 Nc5 9. f3 0-0 10. Be3 Ne6 11. Nc2 Nh5 12. Qd2 g5 13. Rfe1 Nhf4 14. Rab1 h5 15. Nd5 Be5 16. Nd4 c6 17. Nxf4 Nxf4 18. Bf1 Qf6 19. Ne2 h4 20. Red1 1/2-1/2

[Event "Hampstead op U2200 06"]
[Site "Hampstead"]
[Date "2013.06.30"]
[Round "4"]
[White "Haddock, Paul"]
[Black "Hernandez Castro, Julio Cesar"]
[Result "0-1"]
[WhiteElo "1684"]
[BlackElo "1836"]
[PlyCount "64"]
[EventDate "2013.06.29"]
[EventType "swiss"]
[EventRounds "5"]
[EventCountry "ENG"]
[SourceTitle "EXT 2014"]
[Source "ChessBase"]
[SourceDate "2013.11.20"]
[SourceVersion "1"]
[SourceVersionDate "2013.11.20"]
[SourceQuality "1"]

1. e4 c6 2. d4 d5 3. exd5 cxd5 4. Nf3 Qc7 5. Bd3 Nc6 6. c3 Nf6 7. h3 g6 8. Bg5 Bg7 9. 0-0 0-0 10. Re1 h6 11. Be3 Bf5 12. Bxf5 gxf5 13. Nh4 e6 14. g3 Ne7 15. Bf4 Qd7 16. Qe2 Rae8 17. Nd2 Ng6 18. Ndf3 Nxf4 19. gxf4 Ne4 20. Ne5 Bxe5 21. dxe5 Kh7 22. Kh2 Qe7 23. Nf3 a6 24. Rg1 f6 25. Rg2 fxe5 26. Nxe5 Rg8 27. Rag1 Qh4 28. f3 Qxf4+ 29. Kh1 Ng3+ 30. Rxg3 Rxg3 31. Rxg3 Qxg3 32. Qg2 Qxe5 0-1

[Event "Hampstead op U2200 06"]
[Site "Hampstead"]
[Date "2013.06.29"]
[Round "2"]
[White "Duncan, Patrick"]
[Black "Hernandez Castro, Julio Cesar"]
[Result "1-0"]
[WhiteElo "2048"]
[BlackElo "1836"]
[PlyCount "105"]
[EventDate "2013.06.29"]
[EventType "swiss"]
[EventRounds "5"]
[EventCountry "ENG"]
[SourceTitle "EXT 2014"]
[Source "ChessBase"]
[SourceDate "2013.11.20"]
[SourceVersion "1"]
[SourceVersionDate "2013.11.20"]
[SourceQuality "1"]

1. b3 Nf6 2. Bb2 Nc6 3. Nf3 d5 4. e3 Bg4 5. Bxf6 gxf6 6. d4 e5 7. Be2 Qd6 8. c3 Rg8 9. g3 Bh3 10. a4 0-0-0 11. a5 exd4 12. Nxd4 Kb8 13. Na3 Nxd4 14. Qxd4 Qe5 15. b4 Qxd4 16. exd4 Re8 17. Kd2 Bh6+ 18. f4 Bxf4+ 19. gxf4 Rg2 20. Rae1 Bg4 21. Rhg1 Rgxe2+ 22. Rxe2 Rxe2+ 23. Kd3 Rxh2 24. Rxg4 c6 25. Rg7 h5 26. Rxf7 h4 27. Rxf6 Rh3+ 28. Kc2 Rh2+ 29. Kb3 Rh1 30. Rh6 Kc7 31. Rh7+ Kc8 32. Nc2 h3 33. Kb2 Rf1 34. Rxh3 Rxf4 35. Rh7 Rf2 36. Kb3 Rf1 37. Ne3 Rb1+ 38. Kc2 Re1 39. Nf5 Re2+ 40. Kb3 Re6 41. a6 bxa6 42. Rxa7 Kb8 43. Rxa6 Kb7 44. Ra5 Kb6 45. Ra1 Rf6 46. Rf1 Rg6 47. Nh4 Rg4 48. Nf3 Rf4 49. Nd2 Rg4 50. Rf6 Rg1 51. Nf3 Rf1 52. Ne5 Rxf6 53. Nd7+ 1-0

[Event "Sunningdale e2e4 op"]
[Site "Ascot"]
[Date "2013.05.25"]
[Round "2"]
[White "Lunn, Matthew"]
[Black "Hernandez Castro, Julio Cesar"]
[Result "1-0"]
[WhiteElo "2004"]
[BlackElo "1848"]
[PlyCount "65"]
[EventDate "2013.05.24"]
[EventType "swiss"]
[EventRounds "7"]
[EventCountry "ENG"]
[SourceTitle "CBM 154 Extra"]
[Source "ChessBase"]
[SourceDate "2013.06.25"]
[SourceVersion "2"]
[SourceVersionDate "2013.06.25"]
[SourceQuality "1"]

1. d4 Nf6 2. c4 g6 3. Nc3 Bg7 4. e4 d6 5. Nf3 0-0 6. Be2 Nbd7 7. 0-0 e5 8. d5 Nc5 9. Qc2 a5 10. Be3 b6 11. Nd2 Ng4 12. Bxg4 Bxg4 13. a3 Bd7 14. b4 Nb7 15. Nb3 f5 16. f3 fxe4 17. fxe4 Rxf1+ 18. Rxf1 axb4 19. axb4 Ra3 20. c5 bxc5 21. bxc5 Ba4 22. Nxa4 Rxa4 23. c6 Na5 24. Nc5 Rc4 25. Qa2 dxc5 26. Qxa5 Bf8 27. Qa2 Rxe4 28. d6+ c4 29. dxc7 Qxc7 30. Qa8 Rf4 31. Rxf4 exf4 32. Bc5 Qg7 33. Qxf8+ 1-0

[Event "Collado Villalba op 28th"]
[Site "Collado Villalba"]
[Date "2011.08.24"]
[Round "2"]
[White "Hernandez Castro, Julio Cesar"]
[Black "Luna Hermoso, Angel"]
[Result "0-1"]
[WhiteElo "1838"]
[BlackElo "2046"]
[PlyCount "74"]
[EventDate "2011.08.23"]
[EventType "swiss"]
[EventRounds "9"]
[EventCountry "ESP"]
[SourceTitle "CBM 144 Extra"]
[Source "ChessBase"]
[SourceDate "2011.10.28"]
[SourceVersion "1"]
[SourceVersionDate "2011.10.28"]
[SourceQuality "1"]

1. Nf3 Nf6 2. g3 d5 3. c4 c6 4. Bg2 Qb6 5. 0-0 e6 6. Qc2 Be7 7. b3 Nbd7 8. Bb2 0-0 9. d3 Qc7 10. e4 Rd8 11. Nbd2 Nc5 12. e5 Ne8 13. b4 Nd7 14. a3 a5 15. c5 f5 16. Nb3 a4 17. Na5 Nxc5 18. Nxc6 Qxc6 19. bxc5 Qxc5 20. Rfc1 Qxc2 21. Rxc2 Bd7 22. Nd4 Kf7 23. Nxf5 exf5 24. Bxd5+ Be6 25. Bxb7 Rab8 26. Bc6 Bb3 27. Rd2 Nc7 28. d4 Nd5 29. e6+ Kf8 30. Re1 Rb6 31. Bd7 Nf6 32. Re5 g6 33. Ra5 Nxd7 34. exd7 Rxd7 35. Ra8+ Kf7 36. d5 Bf6 37. Bxf6 Rxf6 0-1

[Event "Extremadura-chT"]
[Site "Spain"]
[Date "2004.??.??"]
[Round "?"]
[White "Hernandez Castro, Julio Cesar"]
[Black "Andrada Andrada, Luis Javier"]
[Result "0-1"]
[WhiteElo "2100"]
[BlackElo "2300"]
[PlyCount "67"]
[EventDate "2004.??.??"]
[EventType "team"]
[EventRounds "9"]
[EventCountry "ESP"]
[SourceTitle "EXT 2007"]
[Source "ChessBase"]
[SourceDate "2006.11.23"]
[SourceVersion "1"]
[SourceVersionDate "2006.11.23"]
[SourceQuality "1"]

1. d4 Nf6 2. Nf3 g6 3. c4 Bg7 4. g3 0-0 5. Bg2 c5 6. 0-0 cxd4 7. Nxd4 Nc6 8. Nxc6 bxc6 9. Nc3 Qc7 10. Qc2 Rb8 11. b3 d6 12. Bb2 a5 13. Rac1 Nd7 14. Nd1 Bxb2 15. Nxb2 Nc5 16. Rfd1 Qb6 17. Rd4 a4 18. Rh4 axb3 19. Qd2 f6 20. Qh6 Rf7 21. axb3 g5 22. Rh5 Bg4 23. Na4 Nxa4 24. bxa4 Qb2 25. Rf1 Qxe2 26. Rxg5+ fxg5 27. Bxc6 Bf3 28. Bb5 Qe5 29. a5 Rf6 30. Qh3 g4 31. Qh4 Kg7 32. Bc6 Bxc6 33. Qxg4+ Rg6 34. Qd1 0-1